01195nam a2200349 a 450000100080000000500110000800800410001910000230006024500530008326000410013630000090017749000430018652003650022965000130059465000210060765000110062865000110063965000210065065000100067165000220068165000110070365000140071465000090072865000110073765300110074865300090075965300190076865300090078765300180079665300150081465300160082910259032024-09-04 1985 bl uuuu u0uu1 u #d1 aOLIVEIRA, J. S. e. aUtilizacao de cana + ureia na recria de bovinos. aCoronel Pacheco: EMBRAPA-CNPGLc1985 a20p. a(EMBRAPA-CNPGL. Circular Tecnica, 23). aNota ao produtor, Por que uréia?, Por que cana?, Resultados alcançados no CNPGL, A tecnologia, Como facilitar o uso da tecnologia, Resultados alcançados em fazendas comerciais, Cuidados na utilização de cana+uréia, Algumas informações sobre o consumo, Algumas informações sobre o período de adaptação, Exemplo prático. aAçúcar aanimal nutrition aBovino acalves aCana de Açúcar aLeite aNutrição Animal aRecria asugarcane aurea aUréia aBovine aCana aCana-de-acucar aCane aGado de leite aUtilizacao aUtilization